| 000 | 01617cam a22004694i 4500 | ||
|---|---|---|---|
| 003 | PE-LiUPU | ||
| 005 | 20250731173447.0 | ||
| 008 | 150616s1979 xxu r 000 0 eng d | ||
| 020 | _a080244136X | ||
| 035 | _a(Sirsi) i9780802441362 | ||
| 040 |
_aPE-LiUPU _bspa _cPE-LiUPU _erda |
||
| 049 | _aPRUA | ||
| 082 | 0 | 4 |
_a268 _bH14 _221 |
| 100 | 1 |
_aHakes, J. Edward, _eautor. |
|
| 245 | 1 | 3 |
_aAn Introduction to Evangelical Christian Education / _cJ. Edward Hakes. |
| 264 | 1 |
_aChicago : _bMoody Press, _c1979. |
|
| 300 |
_a423 páginas ; _c24 centímetros |
||
| 336 |
_atext _2rdacontent |
||
| 337 |
_aunmediated _2rdamedia |
||
| 338 |
_avolume _2rdacarrier |
||
| 500 | _abiblografía e índice de materias. | ||
| 505 | 0 | _aBackgrounds of Christian Education -- Preparing to Teach -- Understanding the Learner -- Organizing the Learner -- Agencies of Christian Education. | |
| 526 | _aSEG42 | ||
| 526 | _aSEG41 | ||
| 526 | _aSEG40 | ||
| 526 | _aSEG39 | ||
| 526 | _aP94 | ||
| 526 | _aP87 | ||
| 526 | _aP86 | ||
| 526 | _aP85 | ||
| 526 | _aP77 | ||
| 526 | _aP76 | ||
| 526 | _aP35 | ||
| 650 | 1 | 4 |
_aEducación cristiana _xIntroducciones. |
| 910 |
_ajck _bjvq _cjck |
||
| 942 |
_2ddc _cBOOK |
||
| 949 |
_a268 H14 _wDEWEY _c1 _i18536 _lCCODEBUL1 _mBUL _r0 _sY _tBOOK _u2015-6-16 _xTEOLOGIA _PP20 _0COMPRA _o.STAFF. Colección Teología |
||
| 994 |
_aC0 _bPEPRU |
||
| 596 | _a1 | ||
| 999 |
_a268 H14 _wDEWEY _c57118 _i18536 _f2021-11-10 _g5 _lCCODEBUL1 _mBUL _p30.00 _r0 _sY _tBOOK _u2015-6-16 _xTEOLOGIA _PP35 _0COMPRA _o.STAFF. Colección Teología _d57118 |
||
| 980 |
_81 _gALBERTO SANCHEZ Responsable de Automatización |
||